| 000 | 00835cam a22002654a 4500 | ||
|---|---|---|---|
| 001 | 3584 | ||
| 005 | 20240321133642.0 | ||
| 020 | _a9780736828666 | ||
| 040 |
_aDLC _cDLC _dDLC _beng |
||
| 050 | 0 | 0 | _aSB481.3 |
| 082 | 0 | 0 | _a333.78 |
| 100 | 1 | _aCipriano, Jeri S | |
| 245 | 1 | 0 |
_aAt the park / _cby Jeri Cipriano |
| 260 |
_aMankato, _bYellow Umbrella Books, _c2004 |
||
| 300 |
_a16 pages : _bcolor illustrations ; _c21 cm. |
||
| 490 |
_a Yellow Umbrella Books _vLevel A |
||
| 505 | _aE | ||
| 520 | _aSimple text and photographs present the many different things people can do in parks. | ||
| 521 |
_a200
_bLexile estimate |
||
| 650 | 0 |
_aParks _vJuvenile literature. |
|
| 650 | 0 |
_aParks _xRecreational use _vJuvenile literature. |
|
| 650 | 1 | _aParks. | |
| 906 |
_a7 _bcbc _corignew _d1 _eecip _f20 _gy-gencatlg |
||
| 942 |
_2ddc _cBK _n0 |
||
| 999 |
_c3584 _d3584 |
||